00405nam a2200157Ia 4500001000500000005001700005008004100022041000800063082001600071100002500087245008200112260000900194300002800203650000800231654000800239374520260306145706.0260306t1994||||xx |||||||||||||| ||spa|| aESP a302.23bI96 aIyengar, ShantoeAUT 0aTelevisión y opinión pública:bel poder de los medios de comunicación c1994 a257 páginas :c21 cm. aGEN aCED